Power electronics : Converters, applications, and design /

Salvato in:
Dettagli Bibliografici
Autore principale: Mohan, Ned.
Natura: Libro
Lingua:English
Pubblicazione: New York : John Wiley and Sons, 1995.
Edizione:2nd edition.
Soggetti:
Tags: Aggiungi Tag
Nessun Tag, puoi essere il primo ad aggiungerne! !
Thư viện lưu trữ: Mạng thư viện Đại học Đà Nẵng
LEADER 00876cam a2200337 i 4500
001 000046115
003 5386
005 20030317090202.0
008 010220|1995 vm 000 eng
020 |a 0471584088 
040 |a IRC  |c IRC  |d IRC 
041 0 |a eng 
082 1 4 |a 621.317  |b MO-N 
100 1 |a Mohan, Ned. 
245 0 0 |a Power electronics :  |b Converters, applications, and design /  |c Ned Mohan. 
250 |a 2nd edition. 
260 |a New York :  |b John Wiley and Sons,  |c 1995. 
300 |a xvii, 802p. :  |b ill. 
630 0 4 |a Power electronics. 
650 0 4 |a Power electronics. 
650 0 4 |a Electric current converters. 
OWN |a DUT 
999 |a From the UDN01 
TYP |a Monograph 
TYP |a Printed language 
980 |a Mạng thư viện Đại học Đà Nẵng